The labor of knowledge in the making of the social sciences /
שמור ב:
| מחבר ראשי: | |
|---|---|
| פורמט: | Texto |
| תגים: |
הוספת תג
אין תגיות, היה/י הראשונ/ה לתייג את הרשומה!
|
MARC
| LEADER | 00000 a a2200000 04500 | ||
|---|---|---|---|
| 001 | 47199 | ||
| 003 | |||
| 040 | |||
| 100 | |a Simbürger, Elisabeth | ||
| 245 | |a The labor of knowledge in the making of the social sciences / |c Elisabeth Simbürger | ||
| 773 | |g volumen29, número2, (2014), páginas 89-97 | ||
| 999 | |c 25685 |d 25685 | ||
